| 000 | 00954cam a22002897a 4500 | ||
|---|---|---|---|
| 003 | CHAP | ||
| 005 | 20220329133955.0 | ||
| 008 | 971013s1954 r 00010 d | ||
| 010 | _a13463 | ||
| 011 | _a14435 | ||
| 035 | _a18509 | ||
| 040 | _cCHAP | ||
| 082 |
_a634.9734 _bG6 |
||
| 100 | 0 | 0 |
_aCondelles-Amengual, Ricardo. _926322 |
| 245 | 1 | 3 | _aEl género Eucalyptus en Australia |
| 260 |
_a(Caracas) : _bDirección Forestal, _c1954 |
||
| 300 |
_a147 p. _b: ilus |
||
| 590 |
_aBATCH-UPD _b10 _c20130110 _lUCH01 _h2239 |
||
| 590 |
_aBATCH-UPD _b10 _c20130410 _lUCH01 _h1534 |
||
| 590 |
_aBATCH-UPD _b10 _c20130914 _lUCH01 _h1905 |
||
| 590 |
_aCONVERSION _b10 _c20130109 _lUCH01 _h1309 |
||
| 650 | 1 | 4 |
_aE.U.A. _xRelaciones exteriores _xAmérica Latina. _934847 |
| 901 | _aBK | ||
| 942 | _cLIBRO | ||
| 949 |
_a634.9734 G6 _bBC _cLIBRO _d33724000237392 _eLIBRO _fc.2 _h23869 _i18509 _mD _si |
||
| 949 |
_a634.9734 G6 _bBC _cLIBRO _d33724000237400 _eLIBRO _h23868 _i18509 _mD _si |
||
| 999 |
_c13463 _d13463 |
||